Tough General Knowledge - Statistics

General Stats
  • This quiz has been taken 44 times
    39 since last reset
  • The average score is 5 of 15
Answer Stats
Hint Answer % Correct
Athos, Porthos, and ... Aramis
57%
Who is the only independent president of the United States? George Washington
54%
Where was Simon Bolivar born? Caracas, Venezuela
43%
What country was the target of the Doolittle Raids? Japan
43%
What is Martin Scorsese's highest grossing film? Wolf of Wall Street
40%
What ancient civilization colonized southern Italy? Greeks
37%
What alkali metal has the greatest atomic number? Francium
34%
Who defeated Charles XII at the battle of Poltava? Peter the Great
26%
What state does the ancient city Cahokia reside in? Illinois
23%
In the Ottoman Empire, what is the second most powerful position (technically) Grand Vizier
20%
Who killed Nucky Thompson? Tommy Darmondy
20%
What type of lens do most video cameras have? Zoom Lens
20%
What hip hop group was Tupac Shakur a part of before his solo career? Digital Underground
17%
FMLN, or Farabundo Marti National Liberation Front, is a political party and former revolutionary group in what country? El Salvador
14%
Who was Franklin D Roosevelt's first vice president? John Nance Garner
9%
No matching quizzes found
Score Distribution
Percent of People with Each Score
Percentile by Number Answered
Your Score History
You have not taken this quiz since the last reset